Obklopený idiotmi vtipná príručka, ktorá zmení váš spôsob komunikácie s vaším šéfom, kolegom či dokonca manželom/manželkou

Gespeichert in:
Bibliographische Detailangaben
1. Verfasser: Erikson, Thomas
Weitere Verfasser: Šturcelová, Martina
Format: Buch
Sprache:Slowakisch
Veröffentlicht: Bratislava Vydavateľstvo Motýľ 2019
Ausgabe:1. vydanie
Schlagworte:
Tags: Tag hinzufügen
Keine Tags, Fügen Sie das erste Tag hinzu!

MARC

LEADER 00000nam a2200000 4500
001 0279889
005 20240416113823.6
020 |a 978-80-8164-187-9 
041 0 |a slo 
044 |a SK 
245 1 0 |a Obklopený idiotmi  |b vtipná príručka, ktorá zmení váš spôsob komunikácie s vaším šéfom, kolegom či dokonca manželom/manželkou  |c Thomas Erikson ; preložila: Martina Šturcelová 
250 |a 1. vydanie 
264 1 |a Bratislava  |b Vydavateľstvo Motýľ  |c 2019 
300 |a 278 s. 
610 2 0 |a motivácia 
610 2 0 |a sebavýchova 
610 2 0 |a komunikácia 
610 2 0 |a správanie 
610 2 0 |a vzťahy medziľudské 
610 2 0 |a rozvoj osobný 
610 2 0 |a emócie 
610 2 0 |a rozhovor 
610 2 0 |a psychológia 
100 1 |a Erikson, Thomas 
700 1 |a Šturcelová, Martina